01220nam a2200313 a 4500001001200000003000800012006001900020007001500039008004100054020001800095020002700113040002100140035002100161050002200182082001200204245010200216260005400318300002500372490005800397504005100455533015200506650002400658650001300682655002900695700002200724710001700746856012600763999001700889ebr10681049CaPaEBRm u cr cn|||||||||130408s2011 nyua sb 001 0 eng d z9781617289941 z9781617611421 (e-book) aCaPaEBRcCaPaEBR a(OCoLC)77559706314aR850b.A38 2011eb04a61622300aAdvances in medicine and biologyh[electronic resource] .nVolume 12 /cLeon V. Berhardt, editor. aNew York :bNova Science Publishers, Inc.,c2011. axiii, 170 p. :bill.0 aAdvances in medicine and biology,x2157-5398 ;vv. 12 aIncludes bibliographical references and index. aElectronic reproduction.bPalo Alto, Calif. :cebrary,d2013.nAvailable via World Wide Web.nAccess may be limited to ebrary affiliated libraries. 0aMedicinexResearch. 0aBiology. 7aElectronic books.2local1 aBerhardt, Leon V.2 aebrary, Inc.40uhttp://site.ebrary.com/lib/rucke/Doc?id=10681049zAn electronic book accessible through the World Wide Web; click to view c60382d60382